| 000 | 00709nam a2200205Ia 4500 | ||
|---|---|---|---|
| 005 | 20250507130139.0 | ||
| 008 | 008 250505s9999 xx 000 0 eng d | ||
| 037 | _aDIS | ||
| 040 |
_aEASL _beng _cEASL |
||
| 041 |
_aeng _2eng |
||
| 084 |
_a0000089, GUL _qEASL |
||
| 100 | _aGulati Manjula | ||
| 245 | 0 | _aChanging status of women in China 1966-76 V.C. Bhutani | |
| 260 |
_aIndia _bDelhi University. Social Sciences. Chinese & Japanese _c1995 |
||
| 300 | _a100p. | ||
| 546 | _aBoth Acc. Nos. are of same dissertation | ||
| 650 |
_aWomen in Education; Marriage and Family; Women in Politics; Women in employment; Diss _9755001 |
||
| 942 |
_cDIS _h0000089, GUL |
||
| 999 |
_c1317977 _d1317977 |
||